MARC

Tag First Indicator Second Indicator Subfields
LEADER 00000cam a2200000 a 4500
001 in00001640407
005 20220105104641.0
006 m u
007 cr cn|||||||||
008 001008s1992 caua sb s001 0 eng d
010 |z 91035142 
020 |a 0585129819 (electronic bk.) :  |c $48.00 
020 |z 0520074475 (alk. paper) 
020 |z 0520076664 (pbk. : alk. paper) 
035 |a 11683  |b (N$T) 
035 |a nL11683 
040 |a N$T  |c N$T  |d UtOrBLW 
043 |a n-us--- 
050 1 4 |a GN345  |b .K78 1992eb 
082 0 4 |a 305.8/001  |2 20 
100 1 |a Krupat, Arnold.  |0 http://id.loc.gov/authorities/names/n79064033 
245 1 0 |a Ethnocriticism :  |b ethnography, history, literature /  |c Arnold Krupat. 
264 1 |a Berkeley :  |b University of California Press,  |c [1992] 
264 4 |c ©1992 
300 |a 273 pages :  |b illustrations ;  |c 22 cm. 
336 |a text  |b txt  |2 rdacontent 
337 |a computer  |b c  |2 rdamedia 
338 |a online resource  |b cr  |2 rdacarrier 
504 |a Includes bibliographical references (pages [249]-266) and index. 
533 |a Electronic reproduction.  |b Boulder, Colo. :  |c NetLibrary,  |d 2000.  |n Available via World Wide Web.  |n Access may be limited to NetLibrary affiliated libraries. 
500 |a Electronic resource. 
650 0 |a Ethnology  |x Methodology.  |0 http://id.loc.gov/authorities/subjects/sh85045200 
650 0 |a Ethnology  |x Authorship.  |0 http://id.loc.gov/authorities/subjects/sh2008103333 
650 0 |a American literature  |x Indian authors  |x History and criticism.  |0 http://id.loc.gov/authorities/subjects/sh2007101048 
650 0 |a Indian literature  |x History and criticism. 
650 0 |a Literature and anthropology.  |0 http://id.loc.gov/authorities/subjects/sh85077563 
650 0 |a Indians in literature.  |0 http://id.loc.gov/authorities/subjects/sh85065082 
655 7 |a Electronic books.  |2 local 
710 2 |a NetLibrary, Inc.  |0 http://id.loc.gov/authorities/names/no99080690 
776 0 |c Original  |w (DLC) 91035142 
856 4 1 |u https://proxy.library.tamu.edu/login?url=http://www.netLibrary.com/urlapi.asp?action=summary&v=1&bookid=11683  |z Connect to the full text of this electronic book  |t 0 
999 |a MARS 
999 f f |s 5d4839d6-405e-3763-abbc-0b354988b5ec  |i 21cd1270-1f7c-3b9e-98ac-8a15e1671518  |t 0 
952 f f |a Texas A&M University  |b College Station  |c Electronic Resources  |d Available Online  |t 0  |e GN345 .K78 1992eb  |h Library of Congress classification 
998 f f |a GN345 .K78 1992eb  |t 0  |l Available Online